000 01137nam a2200277Ia 4500
003 OSt
005 20250522122435.0
008 191128s2012 ck b er 000 f spa d
020 _a9788466650472
040 _aCO-JMCR
_cCO-JMCR
041 1 _aspa
_heng
082 0 4 _aA-N
_bLARc
100 1 _aLark, Sarah,
_eautora
_9989
245 1 3 _aLa canción de los Maoríes /
_cSarah Lark ; traducción de Susana Andrés
250 _a1a. edición
260 _aBarcelona ; Bogotá :
_bEdiciones B,
_c2012
300 _a703 páginas :
_b2 mapas a blanco y negro ;
_c 23 cm.
490 0 _aGrandes novelas
500 _aIncluye datos biográficos de la autora en la solapa.
520 _aLas primas Elaine y Kura forjarán su propio destino entre las raíces inglesas y la llamada del pueblo maorí. En tiempos convulsos, vivirán los vaivenes de una tierra comparada con el paraíso a la que llegan misteriosos desconocidos decididos a quedarse.
534 _pTítulo original: Das lied der maori
546 _aTraducido del alemán
650 1 4 _aNovela alemana
_9816
700 1 _aAndrés, Susana,
_etraductora
_9990
942 _2ddc
_cBK
999 _c3798
_d3798